[Event "GER-ch Youth U12 2020"]
[Site "Willingen"]
[Date "2020.10.30"]
[Round "6.27"]
[White "Ivanov, Alexander"]
[Black "Stadelmann, Constantin"]
[Result "0-1"]
[WhiteElo "1261"]
[BlackElo "1366"]
[Annotator "NA RC"]
[PlyCount "76"]
[EventDate "2020.10.27"]
[EventType "swiss"]
[EventRounds "7"]
[EventCountry "GER"]
[SourceTitle "playchess.com"]
[Source "ChessBase"]
[SourceQuality "1"]
[TimeControl "40/5400+30:1800+30"]

1. d4 d5 2. c4 {[%emt 0:00:11]} e6 {[%emt 0:00:11]} 3. Nc3 {[%emt 0:00:16]} f5 {[%emt 0:00:08]} 4. Nf3 {[%emt 0:00:17]} Nf6 {[%emt 0:00:14]} 5. g3 {[%emt 0:00:07]} c6 {[%emt 0:00:22]} 6. Bg2 {[%emt 0:00:08]} Bd6 {[%emt 0:00:42]} 7. O-O {[%emt 0:00:13]} Ne4 {[%emt 0:00:23]} 8. Bf4 {[%emt 0:01:27]} O-O {[%emt 0:00:12]} 9. Nxe4 {[%emt 0:01:39]} fxe4 {[%emt 0:00:23]} 10. Bxd6 {[%emt 0:01:00]} exf3 {[%emt 0:01:51]} 11. Bxf8 fxg2 12. Kxg2 {[%emt 0:03:24]} Qxf8 {[%emt 0:00:35]} 13. f4 {[%emt 0:00:28]} dxc4 {[%emt 0:00:19]} 14. Qc2 {[%emt 0:00:17]} b5 {[%emt 0:00:15]} 15. a4 {[%emt 0:00:03]} Bb7 {[%emt 0:00:00]} 16. Kg1 {[%emt 0:00:49]} Nd7 {[%emt 0:00:13]} 17. Qe4 {[%emt 0:02:48]} Qe7 {[%emt 0:01:31]} 18. axb5 {[%emt 0:00:41]} Nf6 {[%emt 0:00:13]} 19. Qe5 {[%emt 0:01:50]} Nd7 {[%emt 0:03:40]} 20. Qe4 {[%emt 0:00:29]} Nf6 {[%emt 0:00:11]} 21. Qe5 {[%emt 0:01:46]} Ng4 {[%emt 0:00:31]} 22. Qg5 {[%emt 0:01:46]} Qxg5 {[%emt 0:00:55]} 23. fxg5 {[%emt 0:00:09]} cxb5 {[%emt 0:00:51]} 24. Ra3 {[%emt 0:01:47]} a6 {[%emt 0:01:32]} 25. Rc3 {[%emt 0:02:26]} e5 {[%emt 0:05:49]} 26. e3 {[%emt 0:04:31]} b4 {[%emt 0:01:16]} 27. Rxc4 {[%emt 0:00:51]} Nxe3 28. Rxb4 {[%emt 0:00:49]} Nxf1 {[%emt 0:00:49]} 29. Kxf1 {[%emt 0:00:58]} Rf8+ {[%emt 0:00:50]} 30. Ke1 {[%emt 0:01:57]} Bd5 {[%emt 0:02:08]} 31. dxe5 {[%emt 0:00:48]} Re8 {[%emt 0:00:22]} 32. h4 {[%emt 0:01:11]} Rxe5+ {[%emt 0:00:21]} 33. Kf2 {[%emt 0:00:54]} Rf5+ {[%emt 0:00:32]} 34. Rf4 {[%emt 0:02:00]} Rxf4+ {[%emt 0:00:32]} 35. gxf4 {[%emt 0:00:05]} Kf7 {[%emt 0:00:29]} 36. h5 {[%emt 0:00:27]} Ke6 {[%emt 0:00:34]} 37. b4 {[%emt 0:00:36]} Kf5 {[%emt 0:00:37]} 38. Kg3 {[%emt 0:00:11]} Be4 {[%emt 0:00:16]} 0-1

[Event "GER-ch Youth U12 2020"]
[Site "Willingen"]
[Date "2020.10.30"]
[Round "6.28"]
[White "Bondarcuks, Timurs"]
[Black "Detjen, Mattes"]
[Result "0-1"]
[WhiteElo "1198"]
[BlackElo "1190"]
[Annotator "NA RC"]
[PlyCount "46"]
[EventDate "2020.10.27"]
[EventType "swiss"]
[EventRounds "7"]
[EventCountry "GER"]
[SourceTitle "playchess.com"]
[Source "ChessBase"]
[SourceQuality "1"]
[TimeControl "40/5400+30:1800+30"]

1. e4 {[%emt 0:00:00]} e5 {[%emt 0:00:00]} 2. Nf3 {[%emt 0:00:00]} Nc6 {[%emt 0:00:00]} 3. Bc4 {[%emt 0:00:00]} Bc5 {[%emt 0:00:16]} 4. Nc3 {[%emt 0:00:58]} Nf6 {[%emt 0:00:40]} 5. O-O {[%emt 0:03:52]} O-O {[%emt 0:01:40]} 6. d3 {[%emt 0:00:11]} Na5 {[%emt 0:01:51]} 7. Bb3 {[%emt 0:02:17]} Nxb3 {[%emt 0:00:47]} 8. axb3 {[%emt 0:00:27]} d5 {[%emt 0:01:07]} 9. Bg5 {[%emt 0:04:09]} d4 {[%emt 0:00:29]} 10. Nd5 {[%emt 0:00:40]} Be7 {[%emt 0:00:11]} 11. Bxf6 {[%emt 0:04:10]} Bxf6 {[%emt 0:00:10]} 12. c3 {[%emt 0:05:18]} c5 {[%emt 0:06:38]} 13. c4 {[%emt 0:01:06]} Bd7 {[%emt 0:01:59]} 14. Ne1 {[%emt 0:04:44]} b5 {[%emt 0:01:59]} 15. Qh5 {[%emt 0:09:03]} a6 {[%emt 0:05:27]} 16. f4 {[%emt 0:00:55]} exf4 {[%emt 0:02:49]} 17. Rxf4 {[%emt 0:03:29]} Bg5 {[%emt 0:02:02]} 18. Rf1 {[%emt 0:02:33]} h6 {[%emt 0:03:55]} 19. Nf3 {[%emt 0:03:39]} Be6 {[%emt 0:02:44]} 20. cxb5 {[%emt 0:05:51]} Bxd5 {[%emt 0:01:15]} 21. exd5 {[%emt 0:00:40]} Qxd5 {[%emt 0:00:18]} 22. bxa6 {[%emt 0:01:50]} Be3+ {[%emt 0:00:19]} 23. Kh1 {[%emt 0:03:17]} Qxh5 {[%emt 0:00:11]} 0-1

[Event "GER-ch Youth U12 2020"]
[Site "Willingen"]
[Date "2020.10.31"]
[Round "7.1"]
[White "Payyappat, Sreyas"]
[Black "Hoppstädter, Daniel"]
[Result "1-0"]
[WhiteElo "2144"]
[BlackElo "1712"]
[Annotator "TA"]
[PlyCount "51"]
[EventDate "2020.10.27"]
[EventType "swiss"]
[EventRounds "7"]
[EventCountry "GER"]
[SourceTitle "playchess.com"]
[Source "ChessBase"]
[SourceQuality "1"]

{[%evp 9,51,-11,59,-22,11,9,29,25,25,14,0,-8,44,-45,-10,-62,18,26,18,18,16,23,22,18,24,14,22,35,95,97,451,455,452,439,450,308,442,430,459,476,529,526,507,502]} 1. e4 c5 2. Nc3 Nc6 3. f4 e6 4. Nf3 d5 5. Bb5 a6 (5... Nge7 $11) 6. exd5 {B23: Closed Sicilian: Lines without g3.} ({Better is} 6. Bxc6+ $1 $14 bxc6 7. O-O) 6... exd5 7. Qe2+ Be7 $1 8. Bxc6+ $1 {White has an edge.} bxc6 9. O-O {[#]} Nh6 $146 ({Predecessor:} 9... Nf6 10. Re1 Ra7 11. d3 O-O 12. b3 c4 13. dxc4 Bb4 14. Bd2 Re7 15. Qd3 d4 16. Rxe7 dxc3 {0-1 (104) Pirvulescu,A (1872)-Pokrupa,M (2131) Topolcany 2020}) 10. Re1 Ra7 (10... Bg4 $11) 11. d4 (11. h3 $14) 11... O-O 12. Ne5 (12. Be3 $11) 12... Qc7 (12... Rc7 $1 $15 13. Nxc6 Rxc6 14. Qxe7 Qxe7 15. Rxe7 cxd4 16. Nxd5 Be6) 13. dxc5 $1 $11 Bxc5+ 14. Be3 Bxe3+ 15. Qxe3 {Nxc6! is the strong threat.} Rb7 16. Qc5 Ng4 17. Nxc6 Qxf4 18. g3 Qh6 (18... Qc4 $1 $14 19. Qxc4 (19. Qxd5 Qxd5 20. Nxd5 Rxb2 $11) 19... dxc4) 19. Re2 $40 {[%mdl 128] White has strong attack.} Rc7 $2 {[%mdl 8192] A mistake that costs the game.} (19... Be6 $16 {is tougher.}) 20. Nxd5 $18 Qxc6 21. Qxc6 Rxc6 22. Ne7+ {[%mdl 64] [#] Double Attack} Kh8 {And now ...Re6 would win.} 23. Nxc6 {White is clearly winning.} Bb7 24. Ne5 Nf6 25. Rd1 Kg8 26. Nd7 {Av CentiPawn Loss W=-11/B=-43. Weighted=-14/-49} 1-0

[Event "GER-ch Youth U12 2020"]
[Site "Willingen"]
[Date "2020.10.31"]
[Round "7.1"]
[White "Sreyas Payyappat"]
[Black "Campora, Daniel H."]
[Result "1-0"]
[WhiteElo "2144"]
[BlackElo "2420"]
[Annotator "TA"]
[PlyCount "51"]
[EventDate "2020.10.27"]
[EventType "swiss"]
[EventRounds "7"]
[EventCountry "GER"]
[SourceTitle "playchess.com"]
[Source "ChessBase"]
[SourceQuality "1"]

{[%evp 9,51,-12,57,-31,16,18,12,22,24,18,18,-7,31,-31,-6,-29,18,23,21,29,16,20,22,19,22,29,27,27,127,125,458,442,473,474,469,462,461,466,470,471,528,520,503,505]} 1. e4 c5 2. Nc3 Nc6 3. f4 e6 4. Nf3 d5 5. Bb5 a6 (5... Nge7 $11) 6. exd5 {B23: Closed Sicilian: Lines without g3.} (6. Bxc6+ $1 $14 bxc6 7. O-O) 6... exd5 7. Qe2+ Be7 $1 8. Bxc6+ $1 {The position is equal.} bxc6 9. O-O {[#]} Nh6 $146 ({Predecessor:} 9... Nf6 10. Re1 Ra7 11. d3 O-O 12. b3 c4 13. dxc4 Bb4 14. Bd2 Re7 15. Qd3 d4 16. Rxe7 dxc3 {0-1 (104) Pirvulescu,A (1872)-Pokrupa,M (2131) Topolcany 2020}) 10. Re1 Ra7 11. d4 (11. h3 $14) 11... O-O {next ...cxd4 is good for Black.} 12. Ne5 Qc7 13. dxc5 $1 Bxc5+ 14. Be3 Bxe3+ 15. Qxe3 {Hoping for Nxc6!} Rb7 16. Qc5 Ng4 17. Nxc6 Qxf4 18. g3 Qh6 (18... Qc4 $1 $11 19. Qxc4 (19. Qxd5 Qxd5 20. Nxd5 Rxb2 $11) 19... dxc4) 19. Re2 $40 {[%mdl 128] Black is in trouble.} Rc7 $2 {[%mdl 8192] Loses the game.} (19... Be6 $16 {is tougher.}) 20. Nxd5 $18 {White is clearly winning.} Qxc6 21. Qxc6 Rxc6 22. Ne7+ {[%mdl 64] [#] Double Attack} Kh8 {And now ...Re6 would win.} 23. Nxc6 Bb7 24. Ne5 Nf6 25. Rd1 Kg8 26. Nd7 {Av CentiPawn Loss W=-9/B=-34. Weighted=-12/-40} 1-0

[Event "GER-ch Youth U12 2020"]
[Site "Willingen"]
[Date "2020.10.31"]
[Round "7.2"]
[White "Kempe, Caius Emilian"]
[Black "Nitsche, Nikolai"]
[Result "0-1"]
[WhiteElo "1840"]
[BlackElo "1721"]
[Annotator "NA RC"]
[PlyCount "74"]
[EventDate "2020.10.27"]
[EventType "swiss"]
[EventRounds "7"]
[EventCountry "GER"]
[SourceTitle "playchess.com"]
[Source "ChessBase"]
[SourceQuality "1"]
[TimeControl "40/5400+30:1800+30"]

1. d4 {[%emt 0:00:00]} d5 {[%emt 0:00:24]} 2. c4 {[%emt 0:00:00]} e6 {[%emt 0:00:17]} 3. Nc3 {[%emt 0:00:05]} c6 {[%emt 0:00:34]} 4. cxd5 {[%emt 0:00:08]} exd5 {[%emt 0:00:32]} 5. Nf3 {[%emt 0:01:16]} Nf6 {[%emt 0:00:53]} 6. Bg5 {[%emt 0:00:36]} Bd6 {[%emt 0:01:11]} 7. Qc2 {[%emt 0:01:24]} O-O {[%emt 0:01:57]} 8. e3 {[%emt 0:00:24]} Bg4 {[%emt 0:01:58] D35: Queen's Gambit Declined: Exchange Variation.} 9. Ne5 {[%emt 0:02:10]} Be6 {[%emt 0:04:07]} 10. Bd3 {[%emt 0:01:18]} h6 {[%emt 0:01:22]} 11. Bh4 {[%emt 0:00:13]} Be7 {[%emt 0:00:59]} 12. O-O {[%emt 0:07:39] [#]} Nfd7 $146 {[%emt 0:05:12]} ({Predecessor:} 12... Ng4 13. Bxe7 Qxe7 14. Nxg4 Bxg4 15. Rab1 Nd7 16. b4 Nf6 17. Qb3 Be6 18. Rfc1 Rfc8 {1-0 (38) Bayarmaa,B (2222)-Moazaz,D (2076) Baghdad 2018}) 13. Bxe7 {[%emt 0:01:29]} Qxe7 {[%emt 0:00:07]} 14. f4 {[%emt 0:00:13]} Nxe5 {[%emt 0:03:20]} 15. dxe5 {[%emt 0:00:49]} f5 {[%emt 0:01:52]} 16. Na4 {[%emt 0:04:30]} Nd7 {[%emt 0:03:59]} 17. b4 {[%emt 0:01:27]} a5 {[%emt 0:04:41]} (17... d4 $5) 18. a3 {[%emt 0:14:02]} axb4 {[%emt 0:03:08]} 19. axb4 {[%emt 0:01:37]} b5 {[%emt 0:00:07]} 20. Nb2 {[%emt 0:05:28]} Rxa1 {[%emt 0:00:34]} 21. Rxa1 {[%emt 0:00:00]} Qxb4 {[%emt 0:00:28]} 22. Qxc6 {[%emt 0:00:23]} Nc5 {[%emt 0:02:23]} 23. Rc1 {[%emt 0:13:17]} Rc8 {[%emt 0:03:26]} 24. Qb6 {[%emt 0:02:58] [#]} Qd2 $2 {[%emt 0:02:01]} (24... Kf7 $1 $19 {is more deadly.} 25. Qa7+ Kg8) 25. Rb1 {[%emt 0:05:19]} Qxe3+ {[%emt 0:04:45]} 26. Kh1 {[%emt 0:00:29]} d4 {[%emt 0:08:57]} 27. Qxb5 {[%emt 0:03:52]} (27. Rf1 $142 Qd2 28. Qxb5) 27... Ne4 {[%emt 0:04:02]} 28. Nd1 {[%emt 0:01:30]} Qe1+ {[%emt 0:00:40]} 29. Bf1 {[%emt 0:00:13]} Bc4 {[%emt 0:02:02]} 30. Ne3 {[%emt 0:01:57]} Qxf1+ {[%emt 0:02:33]} 31. Nxf1 {[%emt 0:00:29]} Bxb5 {[%emt 0:00:05]} 32. Rxb5 {[%emt 0:00:42]} Rc1 {[%emt 0:00:13]} 33. Kg1 {[%emt 0:00:09]} d3 {[%emt 0:00:06]} 34. Rb8+ {[%emt 0:01:34]} Kh7 $19 {[%emt 0:00:08]} (34... Kf7 $142 35. Rb7+ Ke8 36. Rb8+ Ke7 37. Rb7+ Ke8 38. Rb8+ Ke7 39. Rb7+ Ke6 40. Rb6+ Kf7 41. Rb7+ Ke6 42. Rb6+ Ke7 43. Rb7+) 35. e6 {[%emt 0:00:19]} d2 {[%emt 0:00:39]} 36. e7 {[%emt 0:00:07]} Rxf1+ {[%emt 0:00:09]} 37. Kxf1 {[%emt 0:00:07]} d1=Q# 0-1

[Event "GER-ch Youth U12 2020"]
[Site "Willingen"]
[Date "2020.10.31"]
[Round "7.4"]
[White "Winkler, Yonathan"]
[Black "von Mettenheim, Johannes"]
[Result "0-1"]
[WhiteElo "1680"]
[BlackElo "1995"]
[Annotator "TA"]
[PlyCount "160"]
[EventDate "2020.10.27"]
[EventType "swiss"]
[EventRounds "7"]
[EventCountry "GER"]
[SourceTitle "playchess.com"]
[Source "ChessBase"]
[SourceQuality "1"]

{[%evp 9,160,14,13,4,0,-13,0,0,2,-14,-9,-14,32,0,0,0,5,0,84,0,23,0,0,0,0,-29,0,-19,-18,-79,0,-52,-7,-12,-22,-228,-229,-201,-197,-250,-250,-250,-250,-250,-250,-250,-250,-250,-250,-299,-292,-356,-307,-293,-190,-855,-842,-642,-447,-1011,-663,-527,-290,-320,-304,-297,-222,-229,-220,-227,-217,-288,-289,-285,-184,-197,-184,-236,-164,-245,-219,-325,-333,-547,-542,-487,-325,-362,-351,-349,-352,-352,-285,-379,-375,-371,-147,-126,-135,-325,-313,-429,0,0,0,0,0,0,0,-371,-369,-839,-779,-922,-921,-594,-563,-411,-411,-418,-441,-413,-389,-619,-600,-582,-569,-519,-536,-4947,0,0,0,-29974,-29975,-29984,-29985,-29983,-29944,-6530,-6432,-29985,-29985,-29987,-29988,-29992,-29993,-29997,-29993,-29993,-29993,-29996,-29997]} 1. e4 c6 2. d4 d5 3. e5 Bf5 4. c4 e6 5. Nc3 Ne7 6. Bd3 {B12: Caro-Kann: Advance Variation.} dxc4 7. Bxc4 {[#]} Nd7 $146 ({Predecessor:} 7... Nd5 8. Bd2 Qb6 9. Bxd5 cxd5 10. Qa4+ Nc6 11. b3 Qxd4 12. Nf3 Qxa4 13. Nxa4 Nb4 {½-½ (68) Sandjivy,M (1360)-Artigaud,L (1500) St Denis 2012}) 8. Nge2 {The position is equal.} Nb6 9. Bd3 Bxd3 10. Qxd3 Ned5 11. a3 Nxc3 12. bxc3 Qd5 13. O-O O-O-O (13... Qc4 $11 14. Rd1 Qxd3 15. Rxd3 Nc4) 14. Nf4 (14. a4 $1 $16) 14... Qc4 $11 15. Qf3 Rd7 16. Rb1 Na4 17. Bb2 Rg8 18. h3 Be7 19. Nd3 (19. Rfe1 $11 {remains equal.}) 19... Bd8 ({Black should play} 19... f5 $17) 20. Nb4 (20. Ba1 $11 Be7 21. Nb2 Nxb2 22. Bxb2) 20... a5 21. Nc2 Bg5 22. Rfd1 $2 (22. Ba1 $11) 22... Qa2 $19 23. Qe2 Nxb2 24. Ne1 (24. Ne3 {was called for.} Nxd1 25. Qxa2 Nxc3 {[%mdl 64] Double Attack} 26. Qb2 Nxb1 27. Qxb1) 24... Nxd1 25. Qxa2 Nxc3 {[%mdl 64] Double Attack} 26. Qb2 Nxb1 27. Qxb1 g6 28. Nf3 Be7 29. Qb6 {[#]} Rd5 $1 30. Nd2 Rb5 31. Qa7 {And now Qa8+ would win.} Kc7 32. a4 $2 (32. Nc4) 32... Rb6 33. d5 cxd5 34. Kf1 (34. Nf3 $142 Bb4 35. Nd4) 34... Bb4 35. Nb3 Ra6 36. Qd4 Rc6 37. Qa7 Rb8 38. Nd4 Bc5 39. Qxa5+ Bb6 40. Nb5+ Kd7 41. Qb4 Bc5 42. Qf4 Rf8 43. Qh6 (43. g3 {is a better defense.}) 43... Ra6 44. Nc3 (44. Nd6 $142 Raa8 45. Nxb7) 44... Bb4 45. Qg7 (45. g3 $142) 45... Raa8 46. Na2 $2 (46. Nb5) 46... Be7 47. Nc3 h5 48. Qh6 Rfc8 49. Qe3 Rc6 50. Qd3 Ra5 51. Qf3 Ke8 52. g3 Bb4 $2 (52... Ra8 $19 {is more deadly.} 53. Qe3 Kf8) 53. Nb5 $17 Rxa4 54. Qf6 $2 (54. Qf4 $17) 54... Ra5 $19 55. Nd4 {intending Qh8+.} Rca6 $2 ({Black should try} 55... Rb6 $19 56. Qh8+ Bf8) 56. Qh8+ $1 $11 Kd7 57. Qg7 Be7 {aiming for ...h4.} 58. Qxf7 Ra4 59. Nb3 $2 {[%mdl 8192]} (59. Nf3 $11 {and White is okay.}) 59... Rc6 $19 60. Qxg6 $2 (60. Qf3) 60... Rc3 61. Nd2 Ra2 62. Qb1 Rxd2 63. Qb5+ Rc6 64. Qxb7+ Rc7 65. Qb5+ Kd8 {Strongly threatening ...Bc5.} 66. Qb8+ (66. Qa6 $142 Bc5 67. Qxe6) 66... Rc8 67. Qb6+ {[#]} Ke8 $1 68. Qxe6 Rcc2 69. Qg6+ Kd8 $2 (69... Kd7 $19 70. e6+ Kd6) 70. Qb6+ $11 Ke8 {Hoping for ...Bc5!} 71. e6 $2 {[%mdl 8192]} (71. Qg6+ $11 Kd7 72. Qf5+ Kd8 73. Kg2) 71... Rxf2+ 72. Ke1 Rfe2+ 73. Kf1 Kf8 74. Qd4 {[#]} Rf2+ $1 75. Kg1 (75. Qxf2+ Rxf2+) 75... Bc5 {Black mates.} 76. e7+ Ke8 77. Qa4+ Kxe7 78. Qh4+ Kd7 {[%cal Rc2c1]} 79. Qa4+ Kc7 80. Qa5+ Bb6 {Av CentiPawn Loss W=233/B=-49. Weighted=50/-41} 0-1

[Event "GER-ch Youth U12 2020"]
[Site "Willingen"]
[Date "2020.10.31"]
[Round "7.5"]
[White "Haubold, Christian Lucas"]
[Black "Chinguun Sundui"]
[Result "0-1"]
[WhiteElo "1615"]
[BlackElo "1746"]
[Annotator "NA RC"]
[PlyCount "78"]
[EventDate "2020.10.27"]
[EventType "swiss"]
[EventRounds "7"]
[EventCountry "GER"]
[SourceTitle "playchess.com"]
[Source "ChessBase"]
[SourceQuality "1"]
[TimeControl "40/5400+30:1800+30"]

1. e4 {[%emt 0:00:00]} d5 {[%emt 0:00:00]} 2. exd5 {[%emt 0:00:00]} Qxd5 {[%emt 0:00:00]} 3. Nc3 {[%emt 0:00:00]} Qd6 {[%emt 0:00:00]} 4. d4 {[%emt 0:04:38]} Nf6 {[%emt 0:00:22]} 5. Nf3 {[%emt 0:05:30]} a6 {[%emt 0:00:48]} 6. Bc4 {[%emt 0:05:29]} b5 {[%emt 0:03:05]} 7. Bb3 {[%emt 0:01:29]} Bb7 {[%emt 0:00:59]} 8. Be3 {[%emt 0:02:41]} e6 {[%emt 0:01:54]} 9. a4 {[%emt 0:14:17]} b4 {[%emt 0:03:59]} 10. Nb1 {[%emt 0:02:33]} Nd5 {[%emt 0:05:46]} 11. Qd2 {[%emt 0:06:12]} Be7 {[%emt 0:02:17]} 12. a5 {[%emt 0:03:36]} O-O {[%emt 0:01:55]} 13. O-O {[%emt 0:00:41]} Rd8 {[%emt 0:02:04]} 14. c3 {[%emt 0:01:04]} bxc3 {[%emt 0:01:51]} 15. bxc3 {[%emt 0:00:20]} Nc6 {[%emt 0:07:31]} 16. Qd3 {[%emt 0:04:20]} Bf6 {[%emt 0:15:05]} 17. Ng5 {[%emt 0:05:44]} Bxg5 {[%emt 0:00:34]} 18. Bxg5 {[%emt 0:00:08]} Nce7 {[%emt 0:01:37]} 19. Nd2 {[%emt 0:04:23]} Nf4 {[%emt 0:02:43]} 20. Bxf4 {[%emt 0:05:13]} Qxf4 {[%emt 0:00:06]} 21. Qe3 {[%emt 0:02:18]} Qf6 {[%emt 0:04:05]} 22. Ne4 {[%emt 0:03:44]} Qg6 {[%emt 0:02:12]} 23. Ng3 {[%emt 0:01:11]} Rab8 {[%emt 0:04:54]} 24. Bc4 {[%emt 0:02:50]} Nd5 {[%emt 0:08:15]} 25. Bxd5 {[%emt 0:00:53]} Rxd5 {[%emt 0:07:31]} 26. Rfb1 {[%emt 0:01:16]} Rxa5 {[%emt 0:05:58]} 27. Qf4 {[%emt 0:06:52]} Rxa1 {[%emt 0:01:20]} 28. Rxa1 {[%emt 0:00:06]} Rc8 {[%emt 0:00:48]} 29. Ra5 {[%emt 0:01:36]} Qb1+ {[%emt 0:00:31]} 30. Nf1 {[%emt 0:00:08]} Be4 {[%emt 0:01:40]} 31. h3 {[%emt 0:02:36]} Bd3 {[%emt 0:00:31]} 32. Kh2 Bxf1 {[%emt 0:00:42]} 33. Rc5 {[%emt 0:00:39]} Qb6 {[%emt 0:00:47]} 34. Kg1 {[%emt 0:00:34]} Bb5 {[%emt 0:00:34]} 35. c4 {[%emt 0:00:14]} Bd7 {[%emt 0:00:22]} 36. Rh5 {[%emt 0:00:40]} Qd6 {[%emt 0:01:41]} 37. Qh4 {[%emt 0:00:34]} h6 {[%emt 0:00:20]} 38. Re5 c5 {[%emt 0:02:47]} 39. Re4 {[%emt 0:04:12]} f5 {[%emt 0:01:48]} 0-1

[Event "GER-ch Youth U12 2020"]
[Site "Willingen"]
[Date "2020.10.31"]
[Round "7.6"]
[White "Korek, Jakob Alexander"]
[Black "Udelnov, Valentin"]
[Result "1-0"]
[WhiteElo "1592"]
[BlackElo "1691"]
[Annotator "NA RC"]
[PlyCount "115"]
[EventDate "2020.10.27"]
[EventType "swiss"]
[EventRounds "7"]
[EventCountry "GER"]
[SourceTitle "playchess.com"]
[Source "ChessBase"]
[SourceQuality "1"]
[TimeControl "40/5400+30:1800+30"]

1. d4 {[%emt 0:00:00]} Nf6 {[%emt 0:00:00]} 2. c4 {[%emt 0:00:00]} g6 {[%emt 0:00:00]} 3. Nc3 {[%emt 0:00:10]} Bg7 {[%emt 0:00:00]} 4. e4 {[%emt 0:00:19]} d6 {[%emt 0:00:05]} 5. h3 {[%emt 0:00:18]} O-O {[%emt 0:00:29]} 6. Be3 {[%emt 0:00:22]} e5 {[%emt 0:00:42]} 7. d5 {[%emt 0:00:29]} Nh5 {[%emt 0:01:30]} 8. g3 {[%emt 0:01:25]} f5 {[%emt 0:01:25]} 9. exf5 {[%emt 0:01:56]} Qe8 {[%emt 0:10:27]} 10. fxg6 {[%emt 0:01:26]} Qxg6 {[%emt 0:00:35]} 11. Bd3 {[%emt 0:01:13]} e4 {[%emt 0:17:26]} 12. Bf1 {[%emt 0:12:42]} Be5 {[%emt 0:13:41]} 13. Nge2 {[%emt 0:04:59]} Na6 {[%emt 0:03:04]} 14. g4 {[%emt 0:04:45]} Nf4 {[%emt 0:02:11]} 15. Nxf4 {[%emt 0:02:14]} Bxf4 {[%emt 0:00:13]} 16. Be2 {[%emt 0:04:59]} Bd7 {[%emt 0:03:35]} 17. Qd2 {[%emt 0:01:20]} Bxe3 {[%emt 0:03:03]} 18. fxe3 {[%emt 0:00:53]} Nc5 {[%emt 0:01:28]} 19. b4 {[%emt 0:04:29]} Na4 {[%emt 0:02:14]} 20. Qc2 {[%emt 0:01:01]} Qf6 {[%emt 0:01:50]} 21. Kd2 {[%emt 0:05:02]} Nxc3 {[%emt 0:01:25]} 22. Qxc3 {[%emt 0:00:11]} Qg6 {[%emt 0:01:43]} 23. Raf1 {[%emt 0:07:52]} Rxf1 {[%emt 0:02:33]} 24. Rxf1 {[%emt 0:00:56]} Qg7 {[%emt 0:01:13]} 25. Qxg7+ {[%emt 0:00:38]} Kxg7 {[%emt 0:00:08]} 26. Rf4 {[%emt 0:00:34]} Re8 {[%emt 0:01:54]} 27. h4 {[%emt 0:02:16]} c6 28. Bd1 {[%emt 0:05:06]} cxd5 {[%emt 0:01:39]} 29. cxd5 {[%emt 0:00:24]} Re5 30. Bb3 {[%emt 0:04:41]} Bb5 {[%emt 0:01:19]} 31. Kc3 {[%emt 0:02:03]} h6 {[%emt 0:01:44]} 32. Kd4 {[%emt 0:02:33]} Bd3 33. Bc4 {[%emt 0:07:53]} Bb1 {[%emt 0:01:52]} 34. Rf2 {[%emt 0:03:46]} a6 {[%emt 0:03:41]} 35. Rb2 {[%emt 0:00:57]} Bd3 {[%emt 0:00:07]} 36. Bxd3 {[%emt 0:00:19]} exd3 {[%emt 0:00:17]} 37. Rd2 {[%emt 0:00:12]} Re7 {[%emt 0:01:36]} 38. Rxd3 {[%emt 0:01:26]} Rf7 {[%emt 0:00:28]} 39. Rc3 {[%emt 0:00:50]} Rf2 {[%emt 0:01:08]} 40. Rc7+ {[%emt 0:00:35]} Kf6 {[%emt 0:00:42]} 41. Rxb7 {[%emt 0:32:52]} Rxa2 {[%emt 0:30:09]} 42. Rd7 {[%emt 0:00:36]} Rg2 {[%emt 0:00:11]} 43. g5+ {[%emt 0:01:05]} hxg5 {[%emt 0:00:12]} 44. hxg5+ {[%emt 0:00:16]} Rxg5 {[%emt 0:00:17]} 45. Rxd6+ {[%emt 0:00:11]} Kf5 {[%emt 0:00:16]} 46. e4+ {[%emt 0:00:31]} Kf4 {[%emt 0:00:12]} 47. Rxa6 Rg8 {[%emt 0:00:24]} 48. Rf6+ {[%emt 0:01:39]} Kg5 {[%emt 0:00:12]} 49. Rf5+ {[%emt 0:00:15]} Kg6 {[%emt 0:00:08]} 50. d6 {[%emt 0:00:16]} Rb8 {[%emt 0:00:20]} 51. b5 {[%emt 0:00:28]} Rb6 {[%emt 0:00:25]} 52. Kc5 {[%emt 0:00:12]} Rb8 {[%emt 0:00:11]} 53. d7 {[%emt 0:00:32]} Ra8 {[%emt 0:01:06]} 54. Rd5 {[%emt 0:00:40]} Rd8 {[%emt 0:00:11]} 55. Kc6 {[%emt 0:00:39]} Kf7 {[%emt 0:00:19]} 56. Kc7 {[%emt 0:00:16]} Rxd7+ {[%emt 0:00:16]} 57. Kxd7 {[%emt 0:00:10]} Kf6 {[%emt 0:00:08]} 58. b6 {[%emt 0:00:08]} 1-0

[Event "GER-ch Youth U12 2020"]
[Site "Willingen"]
[Date "2020.10.31"]
[Round "7.7"]
[White "Honisch, Alexander"]
[Black "Zobel, Christian"]
[Result "1/2-1/2"]
[WhiteElo "1667"]
[BlackElo "1521"]
[Annotator "NA RC"]
[PlyCount "64"]
[EventDate "2020.10.27"]
[EventType "swiss"]
[EventRounds "7"]
[EventCountry "GER"]
[SourceTitle "playchess.com"]
[Source "ChessBase"]
[SourceQuality "1"]
[TimeControl "40/5400+30:1800+30"]

1. e4 {[%emt 0:00:00]} e5 {[%emt 0:00:00]} 2. Nf3 {[%emt 0:00:19]} Nf6 {[%emt 0:00:14]} 3. Nxe5 {[%emt 0:00:37]} d6 {[%emt 0:00:10]} 4. Nf3 {[%emt 0:00:27]} Nxe4 {[%emt 0:00:12]} 5. Nc3 {[%emt 0:00:39]} Nxc3 {[%emt 0:01:12]} 6. dxc3 {[%emt 0:00:25]} Be7 {[%emt 0:02:04]} 7. Be3 {[%emt 0:01:08]} Nc6 {[%emt 0:02:37]} 8. Qd2 {[%emt 0:02:54]} Be6 {[%emt 0:05:26]} 9. O-O-O {[%emt 0:02:11]} Qd7 {[%emt 0:05:01]} 10. Kb1 {[%emt 0:01:38]} Rb8 {[%emt 0:03:37]} 11. Nd4 {[%emt 0:06:04]} Nxd4 {[%emt 0:05:32]} 12. Bxd4 {[%emt 0:09:42]} O-O {[%emt 0:07:09]} 13. h4 {[%emt 0:03:49]} b5 {[%emt 0:04:30]} 14. h5 {[%emt 0:04:43]} a5 {[%emt 0:02:35]} 15. h6 {[%emt 0:05:48]} g6 {[%emt 0:01:37]} 16. Ba7 {[%emt 0:10:16]} Rb7 {[%emt 0:08:35]} 17. Qd4 {[%emt 0:01:00]} f6 {[%emt 0:00:16]} 18. Qe3 {[%emt 0:00:45]} b4 {[%emt 0:06:56]} 19. Re1 {[%emt 0:09:59]} c6 {[%emt 0:13:34]} 20. Qxe6+ {[%emt 0:02:52]} Qxe6 {[%emt 0:00:10]} 21. Rxe6 Rxa7 {[%emt 0:00:14]} 22. cxb4 {[%emt 0:00:25]} Kf7 {[%emt 0:03:42]} 23. Re3 {[%emt 0:01:22]} axb4 {[%emt 0:00:41]} 24. Bc4+ {[%emt 0:01:25]} d5 {[%emt 0:00:20]} 25. Bb3 {[%emt 0:00:03]} Bc5 {[%emt 0:00:49]} 26. Rd3 {[%emt 0:04:59]} Re8 {[%emt 0:06:39]} 27. c4 {[%emt 0:01:04]} d4 {[%emt 0:02:28]} 28. Bd1 {[%emt 0:02:31]} Rae7 {[%emt 0:04:40]} 29. Bf3 {[%emt 0:00:31]} Re1+ {[%emt 0:01:18]} 30. Rxe1 {[%emt 0:00:42]} Rxe1+ {[%emt 0:00:07]} 31. Kc2 {[%emt 0:00:31]} Re6 {[%emt 0:00:07]} 32. Rd2 {[%emt 0:00:26]} f5 {[%emt 0:01:19]} 1/2-1/2